Quizzes
Events
Quiz Creation
Community
Videos
Private Events
Remove Ads
Sign In
Join for FREE
Feedback
Dark Mode
Quiz Categories
Sports
Geography
Music
Movies
Television
Just For Fun
Miscellaneous
History
Literature
Language
Science
Gaming
Entertainment
Religion
Holiday
For Kids
Quiz Lab
Recent
Popular Today
Quiz Kudos Today
Editor Picks
Curator Picks
Quizzes by...
Day
Popularity
Type
Ratings
Length
Year
Community
Subscriptions
Recent Discussions
Orange Saloon
Badges
Playlists
Quests
Create
Leaderboards
Showdown
Live 5
Trivia Bingo
Activity
Puzzle Library
Sporcle Events
Private Events
Virtual Trivia
Globe League
Become a Host
Pub Owners
SporcleCon
Opinionation
Our Games
Videos
Blog
Mobile Apps
Partnerships
Remove Ads and Go Orange
Feedback
Sports
Athletes
MLB
NBA
NHL
NFL
Soccer
Sports Teams
WWE
NCAA
Football
Premier League
Basketball
Baseball
Hockey
Golf
Tennis
Cricket
Rugby
Auto Racing
Olympics
World Cup
Sports
Athletes
MLB
NBA
NHL
NFL
Soccer
Sports Teams
WWE
NCAA
Football
Premier League
Basketball
Baseball
Hockey
Golf
Tennis
Cricket
Rugby
Auto Racing
Olympics
World Cup
Random Quiz
Search Sporcle
×
Quiz Lab
Quiz Lab
Sports
NBA
Type in answers that appear in a list
Type in answers that appear in a list
Classic
Best Score? Go Orange.
NBA players 20+ppg and 10+rpg Stats
Can you name the NBA players 20+ppg and 10+rpg?
By
xthatdudex
7m
24 Questions
459 Plays
459 Plays
459 Plays
Comments
Comments
Give Quiz Kudos
Give Quiz Kudos
-
- Ratings
hide this ad
Replay
Link that replays current quiz
Next Quiz
Link to next quiz in quiz playlist
You Got
0%
They Got
Avg Score
55%
Avg Friend Score
Upgrade to see
Score Distribution
Jump to the score distribution portion of the page
Score
0/24
Timer
07:00
0
Plays Today
Season
Player
% Correct
12
Wilt Chamberlain
93.2%
13
Shaquille O'Neal
92.4%
9*
Tim Duncan
90.4%
12
Kareem Abdul-Jabbar
85.6%
12
Hakeem Olajuwon
83.7%
9*
Kevin Garnett
82.8%
8
David Robinson
81%
9
Patrick Ewing
80.6%
11
Moses Malone
80.2%
10
Karl Malone
80.2%
11
Charles Barkley
68.4%
6
Larry Bird
58.8%
Season
Player
% Correct
11
Elgin Baylor
54.2%
10
Elvin Hayes
52.5%
11
Bob Pettit
48.6%
5
Willis Reed
40.5%
5
Chris Webber
37%
5
Bob McAdoo
26.4%
6
Dolph Schayes
25.5%
5
Walt Bellamy
22.9%
5
Nate Thurmond
22.9%
7
Bob Lanier
20.5%
5
Neil Johnston
7.8%
5
Clyde Lovellette
1.7%
Quiz Playlist
Details
Report
Send in Message
Add To Playlist
Classic:
Type in answers that appear in a list
Quiz Source
Last Updated: Feb 16, 2017
Quiz Scoreboard
CHALLENGE
Sign Up to Join the Scoreboard
Show All
Scores
Hide
Comments
May contain spoilers
Recently Published
9x9 Crossword: Cartoon Network
by jackfrog10
Miscellaneous
3m
College Basketball Coaching Resumes
by pancakes188
Sports
9m
Billboard Blitz: Fleetwood Mac
by CooCooCachoo
Music
15s
More to Explore
Quiz From the Vault
Featured Blog Post
Where Did the Easter Bunny Come From?
hide this ad
You Might Also Like...
Tags
Basketball Quiz
NBA Quiz
NBA Player
Player
ppg
rpg
season
Today's Top Quizzes in Sports
Browse Sports
hide this ad
Today's Top Quizzes in NBA
Browse NBA
Top Contributed Quizzes in Sports
1
2022 World Cup Stars
2
Les meilleurs buteurs des matchs entre le PSG et l’OM
3
FIFA Club World Cup Champions
4
Les entraîneurs de l'OM et du PSG au 21e siècle
5
Criteria MLB: Left Handed Sluggers
6
AFC Teams Reveal (Wrong Answers Minefield)
7
2023 MLB Unique Player Accomplishments
8
5-to-1: FBS Animal Nicknames
9
Players with Multiple 50 Home Run Seasons
10
5-to-1: UK Sports Teams
Explore More
Trending Topics
NBA
Kpop
Marvel
Crossword
Disney
Harry Potter
Anime
Soccer
Pokémon
Song
NFL
The Office
Puzzle
WWE
Country
hide this ad
More By:
xthatdudex
Quiz
Plays
Rating
Category
Featured
Created
NBA Top Individual Scoring Season Avg.
5,321
4.50
Sports
Nov 15, 2009
NFL 220+ Rushing Yards Single Game
5,148
4.50
Sports
Dec 3, 2009
NBA Players 30+ppg 5+rpg 5+assts.
4,604
2.93
Sports
Nov 13, 2010
NBA All-Time 50-Point Playoff Games
4,246
4.42
Sports
Nov 20, 2009
NFL QB'S 100+Pass.& Rush Yards In A Game
4,058
4.22
Sports
Dec 18, 2009
Go to Creator's Profile
Score Distribution
Quiz Creator Spotlight
xthatdudex
Follow
Send a Message
Quizzes Created
-
Created Quiz Play Count
-
More By This Creator
Popular Quizzes Today
1
Find the US States - No Outlines Minefield
2
Find the Countries of Europe - No Outlines Minefield
3
The Countries of the World
4
Find the US States
5
Risky Map Clicking: Biggest States A-Z
6
US States
7
Popular People in 1961
8
Movies - When Are They Set?
More Sports Quizzes
2023 Rugby World Cup Teams by Logo
Published
Trending Quizzes
Risky Map Clicking: Least Populous States A-Z
1-10 Letter G Words
1-10 Letter F Words
Risky Map Clicking: Next State Alphabetically
Adjectives in 80s TV Shows
Recently Updated
Leaping Animals
pecheneg
Reality TV Shows (A-Z)
bhenderson79
Rickey Henderson's Hall of Fame Teammates
pecheneg
Champions League XIs: Arsenal
pecheneg
Quick Pick: Celebrities in WWE's Hall of Fame
aduchscher
A-Z Keypad Blitz II
pecheneg
Multiple Oscar Actors
pecheneg
Mystery Phrase Blitz: Oscar 'Best Actors'
pecheneg
F. Scott Fitzgerald Novels
LTH
Pick 3 Villains
ddd62291
Trending Topics
Marvel
Harry Potter
NBA
Crossword
Kpop
Disney
Anime
Puzzle
Song
Soccer
NFL
WWE
Pokémon
Country
The Office
Your Account Isn't Verified!
In order to create a playlist on Sporcle, you need to verify the email address you used during registration. Go to your
Sporcle Settings
to finish the process.
Report this User
Report this user for behavior that violates our
Community Guidelines
.
Details:
Send Report
Go to the Sporcle.com Mobile Site →
Comments